| 000 | 00591nam a2200193Ii 4500 | ||
|---|---|---|---|
| 003 | JO-AjNU | ||
| 008 | 230605s9999||||xx |||||||||||||| ||und|| | ||
| 040 |
_aJO-AjNU _bara _erda _cJO-AjNU |
||
| 041 | _aara | ||
| 050 | 1 | 4 | _aN70.H3 |
| 100 | 3 |
_aخميس،حمدي تأليف, _eauthor _916352 |
|
| 245 | 0 | 0 | _aنحو معيار موضوعي للفن |
| 264 | 3 | 1 | _aالقاهرة:دار المعارف ،1976 |
| 300 | _a27ص | ||
| 336 |
_atext _btxt _2rdacontent |
||
| 337 |
_aunmediated _bn _2rdamedia |
||
| 338 |
_avolume _bnc _2rdacarrier |
||
| 650 | 4 |
_aالفن- معايير للفن _916353 |
|
| 999 |
_aA4825 _c8393 _d8393 |
||